<?xml version="1.0" encoding="UTF-8"?>
<collection xmlns="http://www.loc.gov/MARC21/slim">
 <record>
  <leader>02586nam a2200349 a 4500</leader>
  <controlfield tag="001">kal1530</controlfield>
  <controlfield tag="003">Gr-AtHEAL</controlfield>
  <controlfield tag="005">20160421082512.0</controlfield>
  <controlfield tag="006">m        d        </controlfield>
  <controlfield tag="008">160413s2015    gr      s           gre|c</controlfield>
  <datafield tag="020" ind1=" " ind2=" ">
   <subfield code="a">9789606031182</subfield>
  </datafield>
  <datafield tag="040" ind1=" " ind2=" ">
   <subfield code="a">GR-AtHEAL</subfield>
   <subfield code="b">gre</subfield>
   <subfield code="c">GR-AtHEAL</subfield>
  </datafield>
  <datafield tag="082" ind1="0" ind2="4">
   <subfield code="a">615.851</subfield>
   <subfield code="2">23</subfield>
  </datafield>
  <datafield tag="100" ind1="1" ind2=" ">
   <subfield code="a">Ψαλτοπούλου,Θεοδώρα .</subfield>
   <subfield code="8">397</subfield>
  </datafield>
  <datafield tag="245" ind1="1" ind2="0">
   <subfield code="a">Μουσικοθεραπεία: ο τρίτος δρόμος</subfield>
   <subfield code="h">[Ηλεκτρονικός πόρος] </subfield>
   <subfield code="c">Ψαλτοπούλου,Θεοδώρα ; Κριτικόςαναγνώστης,Ζαφρανάς,Νικόλαος ; Τεχνική επιμέλεια,Καμίνης, Ιωάννης ; Γλωσσική επιμέλεια,Καλλιάρας, Δημήτρης.</subfield>
  </datafield>
  <datafield tag="260" ind1=" " ind2=" ">
   <subfield code="a">Αθήνα :</subfield>
   <subfield code="b">Σύνδεσμος Ελληνικών Ακαδημαϊκών Βιβλιοθηκών,</subfield>
   <subfield code="c">c2015.</subfield>
  </datafield>
  <datafield tag="490" ind1=" " ind2=" ">
   <subfield code="a">Ακαδημαϊκά Ηλεκτρονικά Συγγράμματα και Βοηθήματα Κάλλιπος</subfield>
   <subfield code="8">40</subfield>
  </datafield>
  <datafield tag="520" ind1=" " ind2=" ">
   <subfield code="a">Μέρος του 2ου, 3ου, 4ου, 5ου και 7ου κεφαλαίου είναι από την προσωπική μου διατριβή, από εισηγήσεις σε συνέδρια, δημοσιεύσεις σε επιστημονικά περιοδικά και εκδηλώσεις παραστάσεων κοινωνικής μουσικοθεραπείας, τα οποία αναφέρονται στις βιβλιογραφικές αναφορέςΜέρος του 6ου κεφαλαίου είναι από προφορικές εισηγήσεις σε επιστημονικά συνέδρια.</subfield>
  </datafield>
  <datafield tag="650" ind1=" " ind2="0">
   <subfield code="a">Music therapy</subfield>
   <subfield code="8">1742</subfield>
  </datafield>
  <datafield tag="653" ind1=" " ind2=" ">
   <subfield code="a">Μελέτη περίπτωσης</subfield>
  </datafield>
  <datafield tag="653" ind1=" " ind2=" ">
   <subfield code="a">Χρόνιοι πάσχοντες</subfield>
  </datafield>
  <datafield tag="653" ind1=" " ind2=" ">
   <subfield code="a">Ειδική αγωγή</subfield>
  </datafield>
  <datafield tag="653" ind1=" " ind2=" ">
   <subfield code="a">Μουσικοθεραπεία</subfield>
  </datafield>
  <datafield tag="653" ind1=" " ind2=" ">
   <subfield code="a">Ψυχολογία</subfield>
   <subfield code="a">Κλινική ψυχολογία</subfield>
  </datafield>
  <datafield tag="653" ind1=" " ind2=" ">
   <subfield code="a">Εκπαίδευση και επιστήμες της αγωγής</subfield>
  </datafield>
  <datafield tag="653" ind1=" " ind2=" ">
   <subfield code="a">Τέχνες και γράμματα</subfield>
  </datafield>
  <datafield tag="700" ind1="1" ind2=" ">
   <subfield code="a">Ζαφρανάς, Νικόλαος</subfield>
   <subfield code="e">Κριτικός αναγνώστης</subfield>
   <subfield code="8">400</subfield>
  </datafield>
  <datafield tag="856" ind1="4" ind2="0">
   <subfield code="u">http://hdl.handle.net/11419/1530</subfield>
   <subfield code="z">Πλήρες Κείμενο - Full text</subfield>
  </datafield>
  <datafield tag="907" ind1=" " ind2=" ">
   <subfield code="a">.b25677111</subfield>
   <subfield code="b">12-06-18</subfield>
   <subfield code="c">29-07-16</subfield>
  </datafield>
  <datafield tag="949" ind1=" " ind2=" ">
   <subfield code="0">0</subfield>
   <subfield code="1">0</subfield>
   <subfield code="2">ddc</subfield>
   <subfield code="4">0</subfield>
   <subfield code="6">615_851000000000000_ΨΑΛ</subfield>
   <subfield code="7">0</subfield>
   <subfield code="8">KALL</subfield>
   <subfield code="8">469</subfield>
   <subfield code="d">2016-04-13</subfield>
   <subfield code="r">2016-04-13</subfield>
   <subfield code="w">2016-04-13</subfield>
   <subfield code="z">615.851 ΨΑΛ</subfield>
   <subfield code="o">SEAB KALLIPOS</subfield>
  </datafield>
  <datafield tag="998" ind1=" " ind2=" ">
   <subfield code="a">80</subfield>
   <subfield code="a">01</subfield>
   <subfield code="a">02</subfield>
   <subfield code="a">03</subfield>
   <subfield code="a">05</subfield>
   <subfield code="a">06</subfield>
   <subfield code="a">07</subfield>
   <subfield code="a">08</subfield>
   <subfield code="a">09</subfield>
   <subfield code="a">10</subfield>
   <subfield code="a">11</subfield>
   <subfield code="a">12</subfield>
   <subfield code="a">13</subfield>
   <subfield code="a">14</subfield>
   <subfield code="a">15</subfield>
   <subfield code="a">16</subfield>
   <subfield code="a">17</subfield>
   <subfield code="a">18</subfield>
   <subfield code="a">19</subfield>
   <subfield code="a">20</subfield>
   <subfield code="a">21</subfield>
   <subfield code="a">22</subfield>
   <subfield code="a">23</subfield>
   <subfield code="a">24</subfield>
   <subfield code="a">25</subfield>
   <subfield code="a">26</subfield>
   <subfield code="b">15-07-01</subfield>
   <subfield code="c">m</subfield>
   <subfield code="d">z  </subfield>
   <subfield code="e">-</subfield>
   <subfield code="f">gre</subfield>
   <subfield code="g">gr </subfield>
   <subfield code="h">0</subfield>
  </datafield>
  <datafield tag="942" ind1=" " ind2=" ">
   <subfield code="2">ddc</subfield>
   <subfield code="c">KALLIPOS</subfield>
  </datafield>
 </record>
</collection>
